Loading...
| History - American History | 0 | 4 | 0 | 1 | 40 | 73 | 95.50 | 0 | 2 |
| History - World History | 0 | 2 | 0 | 0 | 20 | 26 | 51.00 | 1 | 2 |
| Literature - British Literature | 0 | 2 | 0 | 1 | 20 | 127 | 132.50 | 0 | 0 |
| History - Other History | 0 | 2 | 1 | 0 | 15 | 117 | 119.50 | 0 | 0 |
| Social Science | 0 | 1 | 0 | 0 | 10 | 84 | 84.00 | 0 | 1 |
| Fine Arts - Other Fine Arts | 0 | 1 | 0 | 0 | 10 | 112 | 112.00 | 0 | 0 |
| Religion | 0 | 1 | 0 | 0 | 10 | 95 | 95.00 | 0 | 0 |
| Fine Arts - Classical Music | 0 | 1 | 0 | 0 | 10 | 111 | 111.00 | 0 | 0 |
| Other Academic | 0 | 1 | 0 | 0 | 10 | 85 | 85.00 | 0 | 0 |
| Science - Biology | 0 | 0 | 1 | 0 | -5 | 0.00 | 0 | 0 | |
| Fine Arts - Visual Fine Arts | 0 | 0 | 2 | 0 | -10 | 0.00 | 0 | 0 |